Normal view
MARC view
- LETTER WRITING -HANDBOOKS, MANUALS, ETC; TECHNICAL WRITING- HANDBOOKS, MANUALS ETC
Entry Topical Term
001 - CONTROL NUMBER
- control field: 62753
003 - CONTROL NUMBER IDENTIFIER
- control field: NUST
005 - DATE AND TIME OF LATEST TRANSACTION
- control field: 20210628203005.0
008 - FIXED-LENGTH DATA ELEMENTS
- fixed length control field: 210628|| aca||aabn | a|a d
040 ## - CATALOGING SOURCE
- Original cataloging agency: NUST
- Transcribing agency: NUST
150 ## - HEADING--TOPICAL TERM
- Topical term or geographic name entry element: LETTER WRITING -HANDBOOKS, MANUALS, ETC; TECHNICAL WRITING- HANDBOOKS, MANUALS ETC
670 ## - SOURCE DATA FOUND
- Source citation: Work cat.: (NUST): Tepper, Ron 62752, Model letters and memos, a handbook for scientists and engineers, 1996
